banner-ar

Popular housing and urban land tenure in the Middle East : (Record no. 60721)

MARC details
000 -الفاتح
حقل البيانات ثابتة الطول 01508cam a2200373 i 4500
005 - وقت وتاريخ اخر تعامل مع التسجيلة
رقم الضبط 20240530110424.0
008 - عناصر البيانات ثابتة الطول - معلومات عامة
حقل البيانات ثابتة الطول 130215t20122012ua ab f b 000 0 eng d
020 ## - الرقم الدولى المعيارى للكتب
الرقم الدولى المعيارى للكتاب 9789774165405
020 ## - الرقم الدولى المعيارى للكتب
الرقم الدولى المعيارى للكتاب 9774165403
035 ## - رقم ضبط النظام
رقم ضبط النظام (OCoLC)ocn788267689
040 ## - مصدر الفهرسة
وكالة الفهرسة الأصلية EG-CaGPL
وكالة النسخ EG-CaGPL
042 ## -
-- lccopycat
043 ## - رمز المنطقة الجغرافية
رمز المنطقة الجغرافية aw-----
082 00 - رقم تصنيف ديوى العشرى
رقم الطبعة 23
رقم التصنيف 333.56
رقم المادة A P
245 00 - بيان العنوان
العنوان Popular housing and urban land tenure in the Middle East :
بقية العنوان case studies from Egypt, Syria, Jordan, Lebanon, and Turkey /
بيان المسئوليه,etc edited by Myriam Ababsa, Baudouin Dupret, Eric Denis.
300 ## - الوصف المادى
التعداد xix, 347 pages :
تفاصيل ماديه اخرى للوعاء illustrations, maps ;
أبعاد الوعاء 24 cm.
504 ## - تبصرة ببليوجرافية
تبصرة ببليوجرافية,الخ Includes bibliographical references.
650 #0 - المدخل الاضافى بالموضوع-مصطلح موضوعى
مصطلح موضوعي Housing policy
التقسيم الفرعي الجغرافي Middle East.
650 #0 - المدخل الاضافى بالموضوع-مصطلح موضوعى
مصطلح موضوعي Urbanization
التقسيم الفرعي الجغرافي Middle East.
650 #0 - المدخل الاضافى بالموضوع-مصطلح موضوعى
مصطلح موضوعي Land use, Urban
التقسيم الفرعي الجغرافي Middle East.
650 #0 - المدخل الاضافى بالموضوع-مصطلح موضوعى
مصطلح موضوعي City planning
التقسيم الفرعي الجغرافي Middle East.
700 1# - المدخل الاضافى - اسم شخصى
الإسم الشخصى Ababsa, Myriam,
الدور editor.
700 1# - المدخل الاضافى - اسم شخصى
الإسم الشخصى Dupret, Baudouin,
الدور editor.
700 1# - المدخل الاضافى - اسم شخصى
الإسم الشخصى Denis, Eric,
الدور editor.
942 ## - عناصر المدخل الإضافي( كوها)
مصدر التصنيف او مخطط الترفيف Dewey Decimal Classification
Koha [default] item type كتاب
264 #1 -
-- Cairo ;
-- New York :
-- American University in Cairo Press,
-- [2012]
336 ## -
-- text
-- rdacontent
337 ## -
-- unmediated
-- rdamedia
338 ## -
-- volume
-- rdacarrier
856 42 - الوصول و الموقع الالكترونى
مواد محددة Contributor biographical information
معرف المصدر الموحد http://www.loc.gov/catdir/enhancements/fy1307/2012406877-b.html
856 42 - الوصول و الموقع الالكترونى
مواد محددة Publisher description
معرف المصدر الموحد http://www.loc.gov/catdir/enhancements/fy1307/2012406877-d.html
856 41 - الوصول و الموقع الالكترونى
مواد محددة Table of contents only
معرف المصدر الموحد http://www.loc.gov/catdir/enhancements/fy1307/2012406877-t.html
Holdings
حالة التراجع حالة الفقد مصدر التصنيف او خطة الترفيف حالة تلف ليس للاعارة المكان المؤقت الموقع الحالى تاريخ الاكتساب اجمالي اﻻعارات رقم الطلب الباركود تاريخ اخر مشاهدة تاريخ تفعيل السعر نوع وعاء كوها
    ddc     مكتبة القاهرة الكبرى مكتبة القاهرة الكبرى 03/22/2015   333.56 A P 159828 03/22/2015 03/22/2015 كتاب

Powered By

EGPV